000 00446nam a2200181Ia 4500
001 536
005 20260306140525.0
008 260306t2014||||xx |||||||||||||| ||spa||
041 _aESP
082 _a126
_bZ18
100 _aZahavi, Dan
_eAUT
245 0 _aSelf and other :
_bexploring subjectivity, empathy, and shame
260 _c2014
300 _axiv, 280 páginas :
_c24 cm.
650 _aGEN
654 _aCHU
942 _cLIB
_dJUS
_fJUS
_2ddc
_n
999 _c536
_d536